| 000 | 00596cam a2200181 a 4500 | ||
|---|---|---|---|
| 020 | _z9780205589138 | ||
| 020 | _a0205589138 | ||
| 050 | 0 | 0 |
_aPE1417 _b.V45 2008 |
| 100 | 1 |
_aVernon, Laura, _d1970- |
|
| 245 | 1 | 0 |
_aWhat every student should know about writing across the curriculum / _cLaura Vernon. |
| 260 |
_aNew York : _bPearson Longman, _cc2008. |
||
| 300 | _avii, 103 p. ; | ||
| 650 | 0 |
_xRhetoric _vProblems, exercises, etc. |
|
| 650 | 0 | _vProblems, exercises, etc. | |
| 650 | 0 | _vProblems, exercises, etc. | |
| 856 | 4 | 1 | _uhttp://www.loc.gov/catdir/toc/ecip083/2007043615.html |
| 942 |
_2lcc _cGEN |
||
| 999 |
_c9293 _d9293 |
||